Logo CIB grande

THE EFFECTIVE ENTREPRENEUR AND HOW TO MAKE BAD GUYS FINISH LAST DEVELOP ATTRIBUTES - CREATE AND GROW THE NEW VENTURE - MINIMIZE CAPITAL NEEDS - MAKE BAD GUYS FINISH LAST (Registro nro. 235781)

Detalles MARC
000 -LEADER
campo de control de longitud fija 00731nam a2200241Ia 4500
005 - FECHA Y HORA DE LA ÚLTIMA TRANSACCIÓN
campo de control 20250425162744.0
008 - DATOS DE LONGITUD FIJA--INFORMACIÓN GENERAL
campo de control de longitud fija 250425s9999 xx 000 0 und d
020 ## - NÚMERO INTERNACIONAL ESTÁNDAR DEL LIBRO
Número Internacional Estándar del Libro 096682380X
041 ## - CÓDIGO DE IDIOMA
Código de lengua del texto/banda sonora o título independiente eng
082 ## - NÚMERO DE LA CLASIFICACIÓN DECIMAL DEWEY
Número de clasificación 658.4
010 ## - NÚMERO DE CONTROL DE LA BIBLIOTECA DEL CONGRESO
Número de control de LC 105771
100 ## - ENTRADA PRINCIPAL--NOMBRE DE PERSONA
Nombre de persona RUSSELL, GARDER H.
245 #0 - MENCIÓN DEL TÍTULO
Título THE EFFECTIVE ENTREPRENEUR AND HOW TO MAKE BAD GUYS FINISH LAST DEVELOP ATTRIBUTES - CREATE AND GROW THE NEW VENTURE - MINIMIZE CAPITAL NEEDS - MAKE BAD GUYS FINISH LAST
250 ## - MENCION DE EDICION
Mención de edición S.E.
260 ## - PUBLICACIÓN, DISTRIBUCIÓN, ETC.
Lugar de publicación, distribución, etc. Estados Unidos
Nombre del editor, distribuidor, etc. ADVANTAGE PUBLISHING
Fecha de publicación, distribución, etc. 1999
260 ## - PUBLICACIÓN, DISTRIBUCIÓN, ETC.
Lugar de publicación, distribución, etc. FLORIDA CITY
300 ## - DESCRIPCIÓN FÍSICA
Extensión 211
650 ## - PUNTO DE ACCESO ADICIONAL DE MATERIA--TÉRMINO DE MATERIA
Término de materia o nombre geográfico como elemento de entrada EMPRENDIMIENTO
650 ## - PUNTO DE ACCESO ADICIONAL DE MATERIA--TÉRMINO DE MATERIA
Término de materia o nombre geográfico como elemento de entrada EMPRESAS COMERCIALES
650 ## - PUNTO DE ACCESO ADICIONAL DE MATERIA--TÉRMINO DE MATERIA
Término de materia o nombre geográfico como elemento de entrada NEGOCIOS
710 ## - ENTRADA AGREGADA--NOMBRE DE ENTIDAD CORPORATIVA
Nombre de entidad corporativa o nombre de jurisdicción como elemento de entrada ADVANTAGE PUBLISHING
942 ## - ELEMENTOS DE ENTRADA SECUNDARIOS (KOHA)
Tipo de ítem Koha Libros
Existencias
Estatus retirado Estado de pérdida Estado de daño No para préstamo Biblioteca de origen Biblioteca actual Fecha de adquisición Coste, precio normal de compra Total de préstamos Código de barras Copia número Nota pública
        ESCUELA DE NEGOCIOS ESCUELA DE NEGOCIOS 26/03/2018 10.00   D-P 13555 1 DONADO

Copyright 2025 ESPOL. Todos los derechos reservados.